000 01072cad a22002055a 4500
001 L137948
008 070509e20070427xxk f 000 0 eng d
035 _a(Sirsi) u137948
041 0 _aeng
110 2 _aChartered Institution of Building Services Engineers
_92360
245 0 0 _aFinally, advice on how to achieve sustainable buildings
260 _c2007
490 0 _aCIBSE Press Release
_v24 April 2007
520 _aCIBSE has produced three new items to help professionals achieve a more sustainable built environment: an introductory guide to sustainability which will be freely available; a full guide setting out fundamental principles, sustainable techniques and technologies; and a searchable online database of good practice guidance. The sustainability items will be available from mid June 2007.
590 _aKA
651 4 _aUnited Kingdom
_y
690 _aBUILT ENVIRONMENT-SUSTAINABLE CONSTRUCTION
856 4 0 _uhttps://www.cibse.org/index.cfm?action=showpage&pageID=702&TopSecID=16
_zView the item free of charge at www.cibse.org...
942 _n0
999 _c78749
_d78749